01049nam0a22002651 4500001001100000005001700011035002600028100004100054101000800095102000700103105001800110200018300128205001700311210003300328215002200361300015200383333002600535532008300561701003100644701002500675701002100700801002200721801001800743852002200761rc\223166120250622215250.0 a(NLR Aleph) 006435734 a20091216d1978 |||y0rusy50 ca0 arus aRU aa z |||||1 aТракт передачи импульсной стойки 200eПособие студентамfЯцын О.В., Курица А.Я., Милованов Р.Л. и др. a2-е изд. aМоскваcМИЭМd1978 a83 с.cил.d20 aВ надзаг.: М-во высш. и сред. спец. образ. РСФСР, Моск. ин-т электрон. машиностроения aДСП. Экз. № 511aТракт передачи импульсной стойки двести 1aМиловановbР.Л. 1aКуницаbА.Я. 1aЯцынbО.В. 1aRUbELAR2rusmarc 0aRUbNLRgpsbo aNLRj79-50К/1017